V nejhotelovějším městě Evropy
Brusel ako mesto označené najhotelovejším mestom Európy. Architektonická úroveň stavieb v Bruseli.
Gespeichert in:
| Format: | Buchkapitel |
|---|---|
| Sprache: | Tschechisch |
| Schlagworte: | |
| Tags: |
Keine Tags, Fügen Sie das erste Tag hinzu!
|
MARC
| LEADER | 00000naa a2200000 4500 | ||
|---|---|---|---|
| 001 | r016369 | ||
| 005 | 20221213082214.7 | ||
| 041 | 0 | |a cze | |
| 044 | |a CZ | ||
| 245 | 1 | 0 | |a V nejhotelovějším městě Evropy |
| 520 | |a Brusel ako mesto označené najhotelovejším mestom Európy. Architektonická úroveň stavieb v Bruseli. | ||
| 610 | 2 | 0 | |a ruch cestovný |
| 610 | 2 | 0 | |a hotely |
| 610 | 2 | 0 | |a hotelierstvo |
| 610 | 2 | 0 | |a Brusel |
| 610 | 2 | 0 | |a Belgicko |